[Event "Privolzhskogo FO-ch (Women)"]
[Site "Izhevsk"]
[Date "2009.01.07"]
[Round "6"]
[White "Bannikova, Anastasia"]
[Black "Sterliagova, Tatiana"]
[Result "1/2-1/2"]
[WhiteElo "2191"]
[BlackElo "2342"]
[PlyCount "72"]
[EventDate "2009.01.04"]
[EventType "swiss"]
[EventRounds "9"]
[EventCountry "RUS"]
[SourceTitle "EXT 2010"]
[Source "ChessBase"]
[SourceDate "2010.11.25"]
[SourceVersion "1"]
[SourceVersionDate "2010.11.25"]
[SourceQuality "1"]

1. e4 c5 2. Nc3 g6 3. g3 Bg7 4. Bg2 Nc6 5. d3 e6 6. Be3 d6 7. Qd2 Qa5 8. f4 Nge7 9. Nge2 Nd4 10. Bxd4 cxd4 11. Nb1 Qb6 12. b3 0-0 13. 0-0 Bd7 14. a4 Rac8 15. Na3 Qc7 16. Rfc1 b6 17. Nb5 Bxb5 18. axb5 Qd7 19. Qb4 Rc5 20. Nxd4 Rfc8 21. Ra2 Bxd4+ 22. Qxd4 Rxb5 23. Qa4 a5 24. c3 Qc6 25. Rac2 Rc5 26. Qa3 e5 27. c4 Qd7 28. Rf2 Nc6 29. Qb2 Nd4 30. Rcf1 Rf8 31. fxe5 dxe5 32. b4 axb4 33. Qxb4 Qc7 34. Rf6 b5 35. cxb5 Rxb5 36. Qa4 Rb2 1/2-1/2

[Event "RUS-chT (Women)"]
[Site "Dagomys"]
[Date "2008.04.05"]
[Round "4"]
[White "Manakova, Irina"]
[Black "Bannikova, Anastasia"]
[Result "1-0"]
[WhiteElo "2178"]
[BlackElo "2190"]
[PlyCount "101"]
[EventDate "2008.04.02"]
[EventType "team"]
[EventRounds "9"]
[EventCountry "RUS"]
[SourceTitle "CBM 123 Extra"]
[Source "ChessBase"]
[SourceDate "2008.05.06"]
[SourceVersion "1"]
[SourceVersionDate "2008.05.06"]
[SourceQuality "1"]

1. e4 c5 2. Nf3 Nc6 3. Bb5 g6 4. Bxc6 dxc6 5. 0-0 Bg7 6. h3 e5 7. d3 Ne7 8. Nh2 Be6 9. Be3 b6 10. Nc3 c4 11. dxc4 Bxc4 12. Qxd8+ Rxd8 13. Rfd1 0-0 14. b3 Be6 15. a4 f5 16. Bg5 Kf7 17. f3 Bf6 18. Be3 Nc8 19. a5 b5 20. a6 Rxd1+ 21. Nxd1 Bd8 22. Nb2 Bb6 23. Kf2 Rd8 24. Nd3 Kf6 25. Ke2 Bd4 26. Rd1 Bxe3 27. Kxe3 Nb6 28. g4 f4+ 29. Ke2 Rd6 30. h4 Nd7 31. Ra1 c5 32. Ra5 c4 33. bxc4 Bxc4 34. g5+ Ke6 35. Ng4 Bxd3+ 36. cxd3 Rb6 37. Kd2 Kd6 38. Kc3 b4+ 39. Kb2 Nc5 40. Nxe5 Kxe5 41. Rxc5+ Kd4 42. Rd5+ Ke3 43. e5 Kxf3 44. Rd6 Rb8 45. Rd7 Ke3 46. Rxa7 Kxd3 47. Rd7+ Ke4 48. a7 Ra8 49. e6 f3 50. e7 f2 51. Rd8 1-0

[Event "RUS-chT (Women)"]
[Site "Dagomys"]
[Date "2008.04.02"]
[Round "1"]
[White "Turova, Irina"]
[Black "Bannikova, Anastasia"]
[Result "1/2-1/2"]
[WhiteElo "2380"]
[BlackElo "2190"]
[PlyCount "198"]
[EventDate "2008.04.02"]
[EventType "team"]
[EventRounds "9"]
[EventCountry "RUS"]
[SourceTitle "CBM 123 Extra"]
[Source "ChessBase"]
[SourceDate "2008.05.06"]
[SourceVersion "1"]
[SourceVersionDate "2008.05.06"]
[SourceQuality "1"]

1. d4 d5 2. c4 c6 3. Nc3 Nf6 4. e3 e6 5. Nf3 Nbd7 6. Qc2 Bd6 7. g4 h6 8. Rg1 Qe7 9. Bd2 b6 10. 0-0-0 Bb7 11. Kb1 c5 12. cxd5 Nxd5 13. Nxd5 Bxd5 14. e4 Bb7 15. Bb5 a6 16. dxc5 axb5 17. cxd6 Qf6 18. Rg3 Rc8 19. Bc3 Qg6 20. Rd4 e5 21. Rb4 Qxd6 22. Nd2 Qxb4 23. Bxb4 Rxc2 24. Kxc2 Nf6 25. Rc3 Kd7 26. Rd3+ Kc8 27. f3 Nd7 28. Nf1 h5 29. g5 h4 30. Ne3 f6 31. Be7 Re8 32. Rc3+ Kb8 33. Bd6+ Ka7 34. Ra3+ Ba6 35. Nd5 Rc8+ 36. Kd2 Rc6 37. Be7 Nb8 38. Nb4 Re6 39. Bxf6 Kb7 40. Rd3 Ka7 41. Rd8 Bb7 42. Rf8 Rd6+ 43. Ke2 Rd7 44. Bxe5 Na6 45. Nxa6 Bxa6 46. b4 Re7 47. Bb8+ Kb7 48. Rh8 Kc6 49. Rxh4 Bc8 50. Rh8 Be6 51. a3 Rd7 52. Be5 Bc4+ 53. Kf2 Rd2+ 54. Kg3 Rd3 55. Rc8+ Kb7 56. Rc7+ Ka8 57. a4 Rb3 58. axb5 Rxb4 59. Bd6 Ra4 60. h4 Be6 61. Re7 Bb3 62. Rc7 Ra5 63. Rc8+ Kb7 64. Rc7+ Ka8 65. Be5 Rxb5 66. Bd4 Rb4 67. Rd7 Bc4 68. Rd6 b5 69. Ra6+ Kb7 70. Ra3 Rb1 71. Ra1 Rb3 72. Kf4 Rd3 73. Bc5 Kc6 74. Bb4 Rb3 75. Be7 Be2 76. Ra3 Rb1 77. Re3 Bc4 78. Rc3 Kd7 79. Bc5 Rh1 80. Kg3 Be6 81. Bf2 b4 82. Rd3+ Kc6 83. Rd4 Kb5 84. f4 b3 85. Rd8 Kc4 86. Rb8 Kc3 87. Kf3 g6 88. f5 gxf5 89. exf5 Bxf5 90. Kf4 Be6 91. Ke5 Kc2 92. g6 b2 93. Kf6 Rf1 94. Kg5 Rxf2 95. h5 b1Q 96. Rxb1 Kxb1 97. h6 Rg2+ 98. Kf6 Bc4 99. h7 Rxg6+ 1/2-1/2

[Event "RUS-ch (Women) 1st League 58th"]
[Site "Smolensk"]
[Date "2008.03.05"]
[Round "8"]
[White "Bannikova, Anastasia"]
[Black "Manakova, Irina"]
[Result "0-1"]
[WhiteElo "2187"]
[BlackElo "2200"]
[PlyCount "102"]
[EventDate "2008.02.27"]
[EventType "swiss"]
[EventRounds "9"]
[EventCountry "RUS"]
[SourceTitle "CBM 123 Extra"]
[Source "ChessBase"]
[SourceDate "2008.05.06"]
[SourceVersion "1"]
[SourceVersionDate "2008.05.06"]
[SourceQuality "1"]

1. c4 e6 2. Nc3 d5 3. d4 c5 4. cxd5 exd5 5. Nf3 Nc6 6. e3 Nf6 7. Be2 Be7 8. 0-0 0-0 9. dxc5 Bxc5 10. Na4 Bd6 11. b3 a6 12. Bb2 b5 13. Rc1 Nb4 14. Nc3 Bb7 15. a4 bxa4 16. Nxa4 Ne4 17. Qd4 f6 18. Qb6 Qe7 19. Nd4 g6 20. Ba3 a5 21. Bxb4 axb4 22. Nc6 Bxc6 23. Qxc6 Qe5 24. g3 Rac8 25. Qb7 Rxc1 26. Rxc1 Qf5 27. f3 Ng5 28. Rd1 Nxf3+ 29. Kg2 Ng5 30. Qxd5+ Qxd5+ 31. Rxd5 Nf7 32. Bc4 Kg7 33. Rb5 Ne5 34. Bd5 Rc8 35. Rb6 Rc2+ 36. Kg1 Bc7 37. Rxb4 f5 38. e4 Nf3+ 39. Kf1 Nxh2+ 40. Ke1 Nf3+ 41. Kd1 Rd2+ 42. Kc1 Bxg3 43. Nc3 Bf4 44. Kb1 Be5 45. Rb7+ Kh6 46. exf5 Ne1 47. Bg8 Bxc3 48. Rxh7+ Kg5 49. Kc1 Nd3+ 50. Kb1 Rb2+ 51. Ka1 Nb4 0-1

[Event "RUS-ch (Women) 1st League 58th"]
[Site "Smolensk"]
[Date "2008.02.28"]
[Round "2"]
[White "Bannikova, Anastasia"]
[Black "Gudilina, Galina"]
[Result "1-0"]
[WhiteElo "2187"]
[BlackElo "2057"]
[PlyCount "81"]
[EventDate "2008.02.27"]
[EventType "swiss"]
[EventRounds "9"]
[EventCountry "RUS"]
[SourceTitle "CBM 123 Extra"]
[Source "ChessBase"]
[SourceDate "2008.05.06"]
[SourceVersion "1"]
[SourceVersionDate "2008.05.06"]
[SourceQuality "1"]

1. e4 e6 2. d4 d5 3. Nd2 c5 4. exd5 Qxd5 5. Ngf3 cxd4 6. Bc4 Qd8 7. 0-0 Nf6 8. Nb3 Bd6 9. Nbxd4 a6 10. Re1 0-0 11. Bg5 Qc7 12. Bxf6 Qxc4 13. Nd2 Qc7 14. Qg4 g6 15. Qh4 Nd7 16. Ne4 Nxf6 17. Nxf6+ Kg7 18. Re3 Rh8 19. Ng4 h5 20. Qf6+ Kg8 21. Ne5 Qe7 22. Qf3 Kg7 23. Rae1 Rf8 24. Qe4 Bd7 25. Rg3 Be8 26. f4 Qf6 27. Rb3 Rb8 28. Ndf3 Bc6 29. Qe3 Qe7 30. Kh1 Bd5 31. Rd3 Bc5 32. Qd2 f6 33. Nxg6 Kxg6 34. Rxd5 Rfd8 35. f5+ Kg7 36. fxe6 Rxd5 37. Qxd5 Rd8 38. Qxh5 Bd6 39. Nh4 Rh8 40. Nf5+ Kg8 41. Nxe7+ 1-0

[Event "RUS-ch (Women) 1st League 58th"]
[Site "Smolensk"]
[Date "2008.02.27"]
[Round "1"]
[White "Stefanova, Ekaterina"]
[Black "Bannikova, Anastasia"]
[Result "0-1"]
[WhiteElo "1894"]
[BlackElo "2187"]
[PlyCount "70"]
[EventDate "2008.02.27"]
[EventType "swiss"]
[EventRounds "9"]
[EventCountry "RUS"]
[SourceTitle "CBM 123 Extra"]
[Source "ChessBase"]
[SourceDate "2008.05.06"]
[SourceVersion "1"]
[SourceVersionDate "2008.05.06"]
[SourceQuality "1"]

1. c4 e5 2. Nc3 Nc6 3. g3 g6 4. Bg2 Bg7 5. e3 d6 6. Nge2 Be6 7. b3 Nge7 8. Bb2 0-0 9. 0-0 d5 10. d3 Qd7 11. Na4 b6 12. Rc1 Rad8 13. a3 dxc4 14. dxc4 Qxd1 15. Rfxd1 Na5 16. b4 Nxc4 17. Nec3 a6 18. Ba1 Nxa3 19. Bb7 Bc8 20. Bxc8 Nxc8 21. Nd5 Nb5 22. e4 f5 23. f3 Rd6 24. Rc2 fxe4 25. fxe4 c6 26. Ne3 Bh6 27. Re1 Bxe3+ 28. Rxe3 Rd1+ 29. Kg2 Rxa1 30. Nb2 Nd4 31. Rd2 Nd6 32. h3 Rff1 33. g4 Rf4 34. Rf2 Rxf2+ 35. Kxf2 Ra2 0-1

[Event "RUS-ch U26"]
[Site "Novokuznetsk"]
[Date "2007.10.30"]
[Round "9"]
[White "Kursova, Maria"]
[Black "Bannikova, Anastasia"]
[Result "1/2-1/2"]
[WhiteElo "2358"]
[BlackElo "2170"]
[PlyCount "102"]
[EventDate "2007.10.22"]
[EventType "swiss"]
[EventRounds "9"]
[EventCountry "RUS"]
[SourceTitle "EXT 2009"]
[Source "ChessBase"]
[SourceDate "2008.11.26"]
[SourceVersion "1"]
[SourceVersionDate "2008.11.26"]
[SourceQuality "1"]

1. d4 Nf6 2. Nf3 g6 3. c4 Bg7 4. g3 0-0 5. Bg2 d5 6. cxd5 Nxd5 7. 0-0 c6 8. h3 Nd7 9. e4 N5b6 10. Nc3 Nf6 11. b3 h6 12. Be3 g5 13. Qc2 Be6 14. Rad1 Qc8 15. g4 Rd8 16. Ne2 Nbd7 17. Ng3 a5 18. Ne1 Nf8 19. Nd3 Ng6 20. Nf5 Bxf5 21. gxf5 Nf8 22. f4 g4 23. Ne5 h5 24. hxg4 hxg4 25. Qe2 c5 26. dxc5 e6 27. Rxd8 Qxd8 28. fxe6 Nxe6 29. Nxg4 Rc8 30. Nxf6+ Qxf6 31. Qg4 Qg6 32. Qxg6 fxg6 33. Rc1 Rf8 34. f5 gxf5 35. exf5 Rxf5 36. Bxb7 Re5 37. Bf2 Nf4 38. Rd1 Nh3+ 39. Kg2 Nxf2 40. Bd5+ Kf8 41. Kxf2 Re7 42. c6 Bc3 43. Kf3 Ke8 44. Be4 Kf7 45. Rd5 Ke6 46. Ke3 Rg7 47. Kd3 Bb4 48. Kc4 Rg4 49. c7 Rxe4+ 50. Kb5 Kxd5 51. c8Q Rd4 1/2-1/2

[Event "RUS-ch U26"]
[Site "Novokuznetsk"]
[Date "2007.10.24"]
[Round "3"]
[White "Yuzva, Alexey"]
[Black "Bannikova, Anastasia"]
[Result "0-1"]
[WhiteElo "2028"]
[BlackElo "2170"]
[PlyCount "88"]
[EventDate "2007.10.22"]
[EventType "swiss"]
[EventRounds "9"]
[EventCountry "RUS"]
[SourceTitle "EXT 2009"]
[Source "ChessBase"]
[SourceDate "2008.11.26"]
[SourceVersion "1"]
[SourceVersionDate "2008.11.26"]
[SourceQuality "1"]

1. e4 c5 2. Nf3 Nc6 3. c3 Nf6 4. e5 Nd5 5. d4 cxd4 6. cxd4 d6 7. exd6 e6 8. Nc3 Bxd6 9. a3 0-0 10. Bc4 Nxc3 11. bxc3 e5 12. Ng5 Bf5 13. d5 Na5 14. Ba2 Rc8 15. Qf3 Bg6 16. 0-0 Qc7 17. Bd2 Nc4 18. Bxc4 Qxc4 19. Rfe1 Rc5 20. Be3 e4 21. Qg4 Rxd5 22. Bd4 h5 23. Qh4 Be7 24. f4 Bc5 25. Kh1 Bxd4 26. cxd4 Qxd4 27. f5 Bxf5 28. Qxh5 Bg6 29. Qg4 f5 30. Qg3 Qd3 31. Nxe4 Qxg3 32. Nxg3 f4 33. Ne4 f3 34. gxf3 Rxf3 35. Kg2 Rb3 36. Ra2 Ra5 37. Rd2 Re5 38. Rd8+ Kh7 39. Rd4 Rxa3 40. h4 Rxe4 41. Rdxe4 Bxe4+ 42. Rxe4 b5 43. Rb4 a6 44. Rb2 Kh8 0-1

[Event "RUS-ch (Women) 1st League 57th"]
[Site "Obninsk"]
[Date "2007.03.03"]
[Round "8"]
[White "Shulakova, Svetlana"]
[Black "Bannikova, Anastasia"]
[Result "1/2-1/2"]
[WhiteElo "2184"]
[BlackElo "2185"]
[PlyCount "71"]
[EventDate "2007.02.24"]
[EventType "swiss"]
[EventRounds "9"]
[EventCountry "RUS"]
[SourceTitle "EXT 2010"]
[Source "ChessBase"]
[SourceDate "2010.11.25"]
[SourceVersion "1"]
[SourceVersionDate "2010.11.25"]
[SourceQuality "1"]

1. d4 d5 2. c4 e6 3. Nc3 f5 4. g3 Nf6 5. Bg2 c6 6. Nf3 Bd6 7. 0-0 0-0 8. Qc2 Ne4 9. Bf4 Bxf4 10. gxf4 Nd7 11. e3 Kh8 12. b4 Ndf6 13. Ne5 Bd7 14. Nxe4 dxe4 15. f3 exf3 16. Bxf3 Qe7 17. Rab1 Be8 18. Qg2 Bh5 19. Qh3 Qe8 20. Bxh5 Nxh5 21. b5 cxb5 22. Rxb5 b6 23. Rf2 g6 24. Rg2 Rg8 25. Qh4 Rg7 26. Kh1 Rc8 27. a4 Qf8 28. c5 bxc5 29. dxc5 Rxc5 30. Rxc5 Qxc5 31. Qd8+ Rg8 32. Qd7 Qd5 33. Nf7+ Kg7 34. Nd6+ Kh8 35. Nf7+ Kg7 36. Nd6+ 1/2-1/2

[Event "RUS-ch (Women) 1st League 57th"]
[Site "Obninsk"]
[Date "2007.03.02"]
[Round "7"]
[White "Pivovarova, Maria"]
[Black "Bannikova, Anastasia"]
[Result "0-1"]
[WhiteElo "2012"]
[BlackElo "2185"]
[PlyCount "100"]
[EventDate "2007.02.24"]
[EventType "swiss"]
[EventRounds "9"]
[EventCountry "RUS"]
[SourceTitle "EXT 2010"]
[Source "ChessBase"]
[SourceDate "2010.11.25"]
[SourceVersion "1"]
[SourceVersionDate "2010.11.25"]
[SourceQuality "1"]

1. e4 c5 2. Nc3 Nc6 3. f4 g6 4. Nf3 Bg7 5. Bb5 Nd4 6. 0-0 e6 7. Kh1 a6 8. Be2 Ne7 9. d3 d6 10. Nb1 0-0 11. c3 Ndc6 12. Be3 b5 13. Nbd2 Rb8 14. d4 cxd4 15. Nxd4 b4 16. Qc2 bxc3 17. bxc3 Qc7 18. Rac1 Bb7 19. Bd3 Rfc8 20. N2b3 Nxd4 21. cxd4 Qd7 22. Qe2 f5 23. e5 Nd5 24. Bd2 Rxc1 25. Rxc1 Bh6 26. Rf1 Nc7 27. h3 Bd5 28. Rb1 dxe5 29. Nc5 Rxb1+ 30. Bxb1 Qe7 31. fxe5 Qh4 32. Kh2 Bf4+ 33. Kg1 Qg3 34. Bxf4 Qxf4 35. Qb2 Nb5 36. Nxa6 Nxd4 37. Nc7 Qe3+ 38. Qf2 Ne2+ 39. Kf1 Ng3+ 40. Kg1 Qc1+ 41. Kh2 f4 42. Qg1 Nf1+ 43. Kh1 Ng3+ 44. Kh2 Qxc7 45. Qe1 Qb7 46. Qg1 Qb2 47. a4 Qxe5 48. Qf2 Qe3 49. Qxe3 Nf1+ 50. Kg1 Nxe3 0-1

[Event "RUS-ch (Women) 1st League 57th"]
[Site "Obninsk"]
[Date "2007.03.01"]
[Round "6"]
[White "Bannikova, Anastasia"]
[Black "Nebolsina, Vera"]
[Result "0-1"]
[WhiteElo "2185"]
[BlackElo "2324"]
[PlyCount "96"]
[EventDate "2007.02.24"]
[EventType "swiss"]
[EventRounds "9"]
[EventCountry "RUS"]
[SourceTitle "EXT 2010"]
[Source "ChessBase"]
[SourceDate "2010.11.25"]
[SourceVersion "1"]
[SourceVersionDate "2010.11.25"]
[SourceQuality "1"]

1. Nf3 c5 2. c4 g6 3. g3 Bg7 4. Bg2 Nc6 5. 0-0 d6 6. Nc3 e5 7. d3 Nge7 8. Rb1 0-0 9. a3 f5 10. Nd5 h6 11. b4 cxb4 12. axb4 Nxd5 13. cxd5 Ne7 14. Qb3 b5 15. Nd2 Bd7 16. Bb2 Qb6 17. e3 g5 18. Qd1 f4 19. gxf4 exf4 20. Bxg7 Kxg7 21. Qe2 Rae8 22. Be4 Nf5 23. Rfe1 Nh4 24. Rbc1 f3 25. Bxf3 Qd8 26. Ra1 Qf6 27. Rxa7 Re7 28. Be4 Kh8 29. Ra6 g4 30. Rea1 Ref7 31. Ra8 Kg7 32. Rxf8 Qxa1+ 33. Nf1 Rxf8 34. d4 Nf3+ 35. Kg2 Ng5 36. Ng3 Nxe4 37. Nxe4 Qa8 38. Nc3 Qe8 39. Kg1 Qh5 40. Qd3 Qh4 41. Nd1 Rf5 42. Qe4 Rh5 43. Qf4 Qf6 44. Qe4 Rf5 45. Kh1 h5 46. Kg1 Qf7 47. Qd3 Rf3 48. Qb3 Bc6 0-1

[Event "RUS-chT (Women) 7th"]
[Site "Sochi"]
[Date "2006.04.29"]
[Round "10"]
[White "Meleshko, Anna"]
[Black "Bannikova, Anastasia"]
[Result "1/2-1/2"]
[WhiteElo "2227"]
[BlackElo "2157"]
[PlyCount "96"]
[EventDate "2006.04.20"]
[EventType "team"]
[EventRounds "11"]
[EventCountry "RUS"]
[SourceTitle "EXT 2007"]
[Source "ChessBase"]
[SourceDate "2006.11.23"]
[SourceVersion "1"]
[SourceVersionDate "2006.11.23"]
[SourceQuality "1"]

1. d4 d5 2. c4 e6 3. Nf3 c6 4. Qc2 f5 5. g3 Nf6 6. Bg2 Bd6 7. 0-0 0-0 8. Nbd2 Nbd7 9. b3 Qe7 10. Bb2 Ne4 11. Ne5 Ndf6 12. Ndf3 Bd7 13. Nd3 dxc4 14. bxc4 c5 15. Nfe5 cxd4 16. Bxd4 b6 17. Rfc1 Ba3 18. Rd1 Rac8 19. Qb3 Rfd8 20. Be3 Bd6 21. Nxd7 Rxd7 22. a4 Rdc7 23. Rdc1 Nc5 24. Qb2 e5 25. Bxc5 bxc5 26. Rab1 e4 27. Nf4 Bxf4 28. gxf4 e3 29. h3 Re8 30. Rc3 exf2+ 31. Kxf2 Ne4+ 32. Bxe4 Qxe4 33. e3 Rd7 34. Qc2 Qc6 35. Rd1 Rb7 36. Qxf5 Qxa4 37. Rd2 Qa1 38. Rcd3 Rb1 39. Qd5+ Kh8 40. Rd1 h6 41. Rxb1 Qxb1 42. Rd2 Qb4 43. Rd3 a5 44. Qf7 Rb8 45. Qc7 Rg8 46. Rd8 Qxc4 47. Rxg8+ Kxg8 48. Qxa5 Qc2+ 1/2-1/2

[Event "RUS-chT (Women) 7th"]
[Site "Sochi"]
[Date "2006.04.27"]
[Round "8"]
[White "Movsesian, Julia"]
[Black "Bannikova, Anastasia"]
[Result "1-0"]
[WhiteElo "2366"]
[BlackElo "2157"]
[PlyCount "119"]
[EventDate "2006.04.20"]
[EventType "team"]
[EventRounds "11"]
[EventCountry "RUS"]
[SourceTitle "CBM 111 Extra"]
[Source "ChessBase"]
[SourceDate "2006.05.09"]
[SourceVersion "1"]
[SourceVersionDate "2006.05.09"]
[SourceQuality "1"]

1. e4 c5 2. Nf3 Nc6 3. d4 cxd4 4. Nxd4 Nf6 5. Nc3 e5 6. Ndb5 d6 7. Bg5 a6 8. Na3 b5 9. Nd5 Be7 10. Bxf6 Bxf6 11. c3 Bg5 12. Nc2 Rb8 13. a4 bxa4 14. Ncb4 Nxb4 15. cxb4 Bd7 16. Bxa6 0-0 17. Rxa4 Bxa4 18. Qxa4 g6 19. 0-0 f5 20. b5 Bd2 21. b6 Rxb6 22. Nxb6 Qxb6 23. exf5 Rxf5 24. Bc4+ Kf8 25. Qd7 Be1 26. Kh1 Qb4 27. Be6 Rf4 28. Qxh7 Qd2 29. Qd7 Qb4 30. b3 Qd2 31. Bc4 Qb4 32. Qh7 Bc3 33. Qxg6 Ke7 34. g3 Rd4 35. h4 Rd2 36. Qf7+ Kd8 37. Be6 Qe4+ 38. Kg1 Qc6 39. Rc1 Rd3 40. Qg8+ Qe8 41. Qxe8+ Kxe8 42. Bf5 Rf3 43. Be4 Bb2 44. Bxf3 Bxc1 45. b4 Kd7 46. b5 Kc7 47. g4 Kb6 48. Bc6 Kc5 49. Kg2 d5 50. g5 d4 51. Kf3 d3 52. Be4 Kxb5 53. Bxd3+ Kc5 54. Ke4 Kd6 55. Kf5 Ke7 56. h5 Kf7 57. g6+ Kg7 58. Kxe5 Kh6 59. Kf6 Bb2+ 60. Kf7 1-0

[Event "RUS-chT (Women) 7th"]
[Site "Sochi"]
[Date "2006.04.25"]
[Round "6"]
[White "Bannikova, Anastasia"]
[Black "Dushenok, Anna"]
[Result "1/2-1/2"]
[WhiteElo "2157"]
[BlackElo "2168"]
[PlyCount "70"]
[EventDate "2006.04.20"]
[EventType "team"]
[EventRounds "11"]
[EventCountry "RUS"]
[SourceTitle "CBM 111 Extra"]
[Source "ChessBase"]
[SourceDate "2006.05.09"]
[SourceVersion "1"]
[SourceVersionDate "2006.05.09"]
[SourceQuality "1"]

1. c4 c5 2. Nc3 Nc6 3. g3 g6 4. Bg2 Bg7 5. e4 d6 6. d3 e6 7. Nge2 Nge7 8. Bg5 a6 9. Qd2 Nd4 10. 0-0 0-0 11. Bh6 Nec6 12. Bxg7 Kxg7 13. f4 Rb8 14. Nxd4 cxd4 15. Ne2 e5 16. Rac1 f6 17. b4 Bd7 18. Qb2 b6 19. a3 Qe7 20. Rc2 Nd8 21. Nc1 Nb7 22. Nb3 Ba4 23. Bh3 Nc5 24. Nxc5 dxc5 25. Rcf2 b5 26. fxe5 Qxe5 27. Rc1 bxc4 28. Rxc4 cxb4 29. Rxb4 a5 30. Rb7+ Rxb7 31. Qxb7+ Rf7 32. Qb6 Bb5 33. Bf1 Ba4 34. Bh3 Bb5 35. Bf1 Ba4 1/2-1/2

[Event "RUS-chT (Women) 7th"]
[Site "Sochi"]
[Date "2006.04.23"]
[Round "4"]
[White "Bannikova, Anastasia"]
[Black "Korbut, Ekaterina"]
[Result "0-1"]
[WhiteElo "2157"]
[BlackElo "2442"]
[PlyCount "114"]
[EventDate "2006.04.20"]
[EventType "team"]
[EventRounds "11"]
[EventCountry "RUS"]
[SourceTitle "CBM 111 Extra"]
[Source "ChessBase"]
[SourceDate "2006.05.09"]
[SourceVersion "1"]
[SourceVersionDate "2006.05.09"]
[SourceQuality "1"]

1. e4 c5 2. Nc3 g6 3. g3 Bg7 4. Bg2 Nc6 5. d3 d6 6. Be3 e5 7. Qd2 Be6 8. Nd5 Bxd5 9. exd5 Nce7 10. Ne2 Nf5 11. c3 h5 12. h3 Nge7 13. a3 Qd7 14. b4 Rc8 15. Rb1 b6 16. Bg5 cxb4 17. axb4 f6 18. Be3 Nxe3 19. Qxe3 Bh6 20. Qf3 0-0 21. g4 h4 22. 0-0 Bg5 23. c4 b5 24. cxb5 Qxb5 25. d4 Rc2 26. Nc3 Qb6 27. Ne4 exd4 28. Qd3 Rc7 29. Nxg5 fxg5 30. Rbe1 Rf6 31. Re4 Qxb4 32. Rxd4 Qc3 33. Qe4 Kf8 34. Rd3 Qc4 35. Rd4 Qc3 36. Rd3 Qc2 37. Qd4 Ng8 38. Re1 Rf4 39. Rf3 Rxf3 40. Bxf3 Qc3 41. Qd1 Rf7 42. Re3 Qb2 43. Qa4 Nf6 44. Qa6 Qb6 45. Qc8+ Kg7 46. Kg2 Qd4 47. Qc6 Qf4 48. Qc3 Kh7 49. Qe1 Nd7 50. Bd1 Qd4 51. Bf3 Ne5 52. Be4 Rb7 53. Qa5 Nc4 54. Bxg6+ Kg7 55. Qa6 Nxe3+ 56. fxe3 Rb2+ 57. Kf3 Qxd5+ 0-1

[Event "RUS-chT (Women) 7th"]
[Site "Sochi"]
[Date "2006.04.22"]
[Round "3"]
[White "Fominykh, Maria"]
[Black "Bannikova, Anastasia"]
[Result "1/2-1/2"]
[WhiteElo "2332"]
[BlackElo "2157"]
[PlyCount "77"]
[EventDate "2006.04.20"]
[EventType "team"]
[EventRounds "11"]
[EventCountry "RUS"]
[SourceTitle "CBM 111 Extra"]
[Source "ChessBase"]
[SourceDate "2006.05.09"]
[SourceVersion "1"]
[SourceVersionDate "2006.05.09"]
[SourceQuality "1"]

1. e4 c5 2. Nf3 Nc6 3. Bb5 e6 4. Bxc6 bxc6 5. d3 Qc7 6. Qe2 e5 7. Na3 d6 8. Nc4 Nf6 9. Nh4 Bg4 10. f3 Be6 11. Nf5 g6 12. Bg5 Nh5 13. Ng3 Nf4 14. Qd2 Bg7 15. c3 d5 16. Na3 h6 17. Bxf4 exf4 18. Ne2 g5 19. exd5 cxd5 20. d4 c4 21. g3 fxg3 22. Nxg3 Bf8 23. Nc2 f5 24. Qe2 Kf7 25. f4 Bd6 26. Qh5+ Kg7 27. Ne3 Bxf4 28. Ngxf5+ Bxf5 29. Nxf5+ Kf6 30. 0-0 Kxf5 31. Rxf4+ Qxf4 32. Rf1 Qxf1+ 33. Kxf1 Rhf8 34. Kg2 Rae8 35. Qf3+ Kg6 36. Qxd5 Re2+ 37. Kg1 Re1+ 38. Kg2 Re2+ 39. Kg1 1/2-1/2

[Event "RUS-ch U18 Girls"]
[Site "Dagomys"]
[Date "2004.04.??"]
[Round "?"]
[White "Burtasova, Anna"]
[Black "Bannikova, Anastasia"]
[Result "0-1"]
[WhiteElo "2299"]
[BlackElo "2139"]
[PlyCount "70"]
[EventDate "2004.04.??"]
[EventType "swiss"]
[EventRounds "10"]
[EventCountry "RUS"]
[SourceTitle "EXT 2005"]
[Source "ChessBase"]
[SourceDate "2004.11.15"]
[SourceVersion "1"]
[SourceVersionDate "2004.11.15"]
[SourceQuality "1"]

1. e4 c5 2. Nf3 Nc6 3. c3 Nf6 4. e5 Nd5 5. d4 cxd4 6. cxd4 d6 7. exd6 e6 8. Nc3 Bxd6 9. Bd3 Be7 10. 0-0 0-0 11. Qe2 Nf6 12. Rd1 Nb4 13. Bb1 b6 14. Bg5 Bb7 15. a3 Nbd5 16. Ne5 Nxc3 17. bxc3 Qc7 18. c4 Rfd8 19. Bc2 Rac8 20. Rac1 g6 21. h4 Nh5 22. Qg4 f5 23. Qe2 Bxg5 24. hxg5 Qe7 25. Qe3 f4 26. Qh3 Rd6 27. Nxg6 Qxg5 28. Ne7+ Qxe7 29. Qxh5 Qg7 30. d5 exd5 31. cxd5 Rh6 32. Qf3 Rf8 33. Bb3 Kh8 34. Re1 Bc8 35. Qc3 Rhf6 0-1

[Event "RUS-ch U20 Girls"]
[Site "Essentuki"]
[Date "2003.03.10"]
[Round "8"]
[White "Dushenok, Anna"]
[Black "Bannikova, Anastasia"]
[Result "1/2-1/2"]
[WhiteElo "2193"]
[BlackElo "2146"]
[PlyCount "116"]
[EventDate "2003.03.02"]
[EventType "swiss"]
[EventRounds "11"]
[EventCountry "RUS"]
[SourceTitle "CBM 093 Extra"]
[Source "ChessBase"]
[SourceDate "2003.05.09"]
[SourceVersion "1"]
[SourceVersionDate "2003.05.09"]
[SourceQuality "1"]

1. d4 Nf6 2. c4 g6 3. Nc3 d5 4. Nf3 Bg7 5. Qb3 c6 6. cxd5 cxd5 7. Bg5 e6 8. e3 0-0 9. Be2 Nc6 10. 0-0 h6 11. Bh4 Bd7 12. Ne5 g5 13. Bg3 Nxe5 14. dxe5 Ne8 15. Qxb7 a5 16. Qb3 Nc7 17. Qc2 Na6 18. Qd2 Qb6 19. b3 Rfc8 20. Ne4 dxe4 21. Qxd7 Rc7 22. Qd6 Rc6 23. Qd4 Qxd4 24. exd4 Nb4 25. Bc4 Rd8 26. Rad1 Nxa2 27. d5 exd5 28. Bxd5 Rcc8 29. Bxe4 Rxd1 30. Rxd1 Nc3 31. Bf5 Ne2+ 32. Kf1 Nxg3+ 33. hxg3 Rc5 34. f4 Bf8 35. Rd3 Be7 36. Kf2 f6 37. Be6+ Kf8 38. Bd5 gxf4 39. gxf4 fxe5 40. fxe5 Bg5 41. Kf3 Rc2 42. Kg4 Rd2 43. Rf3+ Ke7 44. Bc4 Rxg2+ 45. Kh3 Rc2 46. Rf7+ Kd8 47. e6 a4 48. Rd7+ Ke8 49. Bd3 axb3 50. Bg6+ Kf8 51. Rf7+ Ke8 52. Rf2+ Ke7 53. Bxc2 bxc2 54. Rxc2 Kxe6 55. Kg4 Ke5 56. Rc4 Kd5 57. Ra4 Ke5 58. Kf3 Bd2 1/2-1/2

[Event "RUS-ch U20 Girls"]
[Site "Essentuki"]
[Date "2003.03.09"]
[Round "7"]
[White "Bannikova, Anastasia"]
[Black "Zakharova, Alexandra"]
[Result "1-0"]
[WhiteElo "2146"]
[BlackElo "2107"]
[PlyCount "117"]
[EventDate "2003.03.02"]
[EventType "swiss"]
[EventRounds "11"]
[EventCountry "RUS"]
[SourceTitle "CBM 093 Extra"]
[Source "ChessBase"]
[SourceDate "2003.05.09"]
[SourceVersion "1"]
[SourceVersionDate "2003.05.09"]
[SourceQuality "1"]

1. e4 e6 2. d4 d5 3. Nd2 Nc6 4. Ngf3 Nf6 5. e5 Nd7 6. Be2 f6 7. exf6 Qxf6 8. Nf1 Bd6 9. Ne3 0-0 10. 0-0 Qg6 11. c3 Nf6 12. Nh4 Qe8 13. f4 Ne7 14. Ng4 Nxg4 15. Bxg4 Nf5 16. Nf3 c5 17. Kh1 a5 18. Re1 cxd4 19. Nxd4 Nxd4 20. Qxd4 Qg6 21. Bh3 Ra6 22. Bd2 Rc6 23. f5 Rxf5 24. Bxf5 Qxf5 25. Qh4 h6 26. Rf1 Qg6 27. c4 dxc4 28. Bxa5 Kh7 29. Rae1 Rc5 30. Qd4 Rd5 31. Qc3 Qh5 32. g3 Rxa5 33. Qc2+ Kg8 34. Qxc4 Bd7 35. b4 Bc6+ 36. Kg1 Re5 37. Qh4 Qg6 38. Qd8+ Kh7 39. Qxd6 Rd5 40. Qxe6 Qxe6 41. Rxe6 Rd2 42. Rf2 Rd1+ 43. Rf1 Rd2 44. Rxc6 bxc6 45. Ra1 Rb2 46. a4 Rxb4 47. a5 Rb8 48. a6 Kg8 49. Kf2 Kf7 50. Ke3 Ke6 51. a7 Ra8 52. Kd4 Kd6 53. Ra6 g6 54. g4 h5 55. g5 h4 56. h3 Kc7 57. Kc5 Kb7 58. Ra4 Kc7 59. Rxh4 1-0